| 000 | 00348nam a2200121Ia 4500 | ||
|---|---|---|---|
| 008 | 210430s9999 xx 000 0 und d | ||
| 082 | _a509.22 N9615 O | ||
| 100 |
_aNUST Scince Socite _954407 |
||
| 245 |
_aOne Day Workshop on Young Researchers Skill Development _cNUST Scince Socite |
||
| 260 |
_aNUST _c2012 |
||
| 300 | _a16 P | ||
| 942 |
_cREF _2ddc |
||
| 999 |
_c564986 _d564986 |
||